000
00223 a2200085 4500
020
_a
978-9392130915
100
_a
Gauri Kelkar
245
_a
20 x 20: Twenty Architects x Twenty Iconic Homes of India
260
_b
Roli Books
_c
2025
999
_c
13430
_d
13430